00809cam a2200241 a 4500001000500000005001700005020001800022040002300040050002300063082001300086100001900099245006700118260005700185300005800242500002000300505000800320520012700328521002900455521002000484650002200504650002200526700001900548391820250724144052.0 a9780811834155 aDLCcDLCdDLCbeng00aPZ8.3.M55166b200200a759.94921 aMerberg, Julie10aIn the garden with Van Gogh /cJulie Merberg and Suzanne Bober aSan Francisco, California :bChronicle Books ;c2002 a20 unnumbered pages : bcolor illustrations ;c15 cm. aOn board pages. aD  aSet against the backdrop of well-known works by the artist, Vincent Van Gogh, rhyming text tells a story from the artwork. a160 bLexile estimate  aD bRaz-Plus  1aArtistsvFiction. 1aStories in rhyme.1 aBober, Suzanne